[Event "119th Scottish Championship"]
[Site "Glasgow"]
[Date "2012.07.11"]
[Round "5"]
[White "Brown, Ken A"]
[Black "Brown, Allan D"]
[Result "1-0"]
[WhiteElo "1773"]
[BlackElo "1806"]
[PlyCount "89"]
[EventDate "2012.07.07"]
[EventType "swiss"]
[EventRounds "9"]
[EventCountry "SCO"]
[Source "Chess Scotland"]
[SourceDate "2012.07.24"]

1. e4 e6 2. d4 b6 3. Nf3 Bb7 4. d5 Nf6 5. Nc3 exd5 6. exd5 d6 7. Bb5+ Nbd7 8.
O-O a6 9. Bc6 Bxc6 10. dxc6 Nc5 11. Re1+ Be7 12. Qe2 Ne6 13. Ng5 Nxg5 14. Bxg5
Kf8 15. Qf3 h6 16. Bh4 g5 17. Bg3 Kg7 18. Re2 Re8 19. Rae1 Bf8 20. h4 Rxe2 21.
Rxe2 g4 22. Qd3 Kg8 23. f3 Bg7 24. fxg4 Nxg4 25. Nd5 Ne5 26. Qf5 Nxc6 27. Rf2
Ne5 28. Bxe5 dxe5 29. Qxf7+ Kh8 30. Rf3 Qg8 31. Nxc7 Rf8 32. Qxg8+ Kxg8 33.
Rxf8+ Bxf8 34. Nxa6 Bd6 35. c3 Kf7 36. Nb4 Ke6 37. Kf2 Kf5 38. Nd5 Kg4 39. g3
Bc5+ 40. Kg2 Kf5 41. b4 Bf8 42. Nxb6 Ke4 43. a4 Kd3 44. a5 Kxc3 45. a6 1-0

[Event "119th Scottish Championship"]
[Site "Glasgow"]
[Date "2012.07.11"]
[Round "5"]
[White "Zamvar, Vipin"]
[Black "Deary, Daniel"]
[Result "1-0"]
[WhiteElo "1676"]
[BlackElo "1269"]
[PlyCount "91"]
[EventDate "2012.07.07"]
[EventType "swiss"]
[EventRounds "9"]
[EventCountry "SCO"]
[Source "Chess Scotland"]
[SourceDate "2012.07.24"]

1. e4 c5 2. Nf3 d6 3. g3 Nf6 4. d3 Nc6 5. Bg2 g6 6. O-O Bg7 7. Nbd2 O-O 8. a4
a6 9. Re1 e5 10. Nc4 Bg4 11. h3 Bxf3 12. Bxf3 Nd4 13. Bg2 b5 14. Ne3 Qc7 15.
axb5 axb5 16. Rxa8 Rxa8 17. g4 h6 18. h4 Ra1 19. c3 Ne6 20. Qb3 Qb7 21. Nc2 Ra5
22. Bh3 g5 23. hxg5 hxg5 24. f3 Ra8 25. Ne3 Nf4 26. Bf1 d5 27. Nf5 d4 28. Bxf4
gxf4 29. Nd6 Qd7 30. Nxb5 Rb8 31. c4 Nxg4 32. Bh3 Rb6 33. Bxg4 Rg6 34. Qd1 Bf6
35. Re2 Kf8 36. Rg2 Qc6 37. Qa4 Bh4 38. Qa7 Bg3 39. Qb8+ Qe8 40. Qxe8+ Kxe8 41.
Kf1 Kd8 42. Ke2 Ra6 43. Kd2 Ra1 44. Kc2 Re1 45. Nd6 Kc7 46. Nxf7 1-0

[Event "119th Scottish Championship"]
[Site "Glasgow"]
[Date "2012.07.11"]
[Round "5"]
[White "Lagerman, Robert"]
[Black "Vincenti, David"]
[Result "1/2-1/2"]
[WhiteElo "2315"]
[BlackElo "2091"]
[PlyCount "128"]
[EventDate "2012.07.07"]
[EventType "swiss"]
[EventRounds "9"]
[EventCountry "SCO"]
[Source "Chess Scotland"]
[SourceDate "2012.07.24"]

1. e4 c5 2. Nf3 e6 3. d4 cxd4 4. Nxd4 a6 5. Nc3 b5 6. Bd3 Qb6 7. Nb3 Qc7 8. O-O
Bb7 9. Be3 Nf6 10. a3 d5 11. Qf3 Bd6 12. exd5 Bxh2+ 13. Kh1 Be5 14. Nd4 Nbd7
15. Rfe1 Nxd5 16. Nxd5 Bxd5 17. Qh3 g6 18. c3 O-O 19. Nf3 Bg7 20. a4 Nc5 21.
Bc2 bxa4 22. Bxa4 Nxa4 23. Rxa4 Qb7 24. Rb4 Qe7 25. Ng5 h6 26. Ne4 Bxe4 27.
Rxe4 h5 28. Bd4 Rfd8 29. Bxg7 Kxg7 30. Qe3 Rd5 31. b4 Rad8 32. c4 Rd2 33. c5
R8d3 34. Qf4 Qf6 35. Qxf6+ Kxf6 36. Rf4+ Ke7 37. Kh2 Rd4 38. Rxd4 Rxd4 39. Ra1
Rxb4 40. Rxa6 Rc4 41. Ra7+ Kf6 42. Rc7 e5 43. f3 Ke6 44. Kg3 f6 45. Rc8 Kf5 46.
Rc6 h4+ 47. Kh3 g5 48. Kh2 Rc1 49. Rc8 Kf4 50. c6 g4 51. fxg4 e4 52. c7 e3 53.
g5 e2 54. Re8 fxg5 55. c8=Q Rxc8 56. Rxe2 g4 57. Ra2 g3+ 58. Kh3 Rh8 59. Ra4+
Kg5 60. Rg4+ Kf5 61. Rxh4 Rxh4+ 62. Kxh4 Kf4 63. Kh3 Kf5 64. Kxg3 Kg5 1/2-1/2

[Event "119th Scottish Championship"]
[Site "Glasgow"]
[Date "2012.07.11"]
[Round "5"]
[White "Cooksey, Paul S"]
[Black "Rysbaeva, Korlan"]
[Result "1/2-1/2"]
[WhiteElo "2298"]
[BlackElo "2057"]
[PlyCount "129"]
[EventDate "2012.07.07"]
[EventType "swiss"]
[EventRounds "9"]
[EventCountry "SCO"]
[Source "Chess Scotland"]
[SourceDate "2012.07.24"]

1. d4 d5 2. c4 c6 3. Nc3 Nf6 4. e3 Bf5 5. cxd5 Nxd5 6. Bc4 e6 7. Nge2 Nd7 8.
O-O N7f6 9. f3 Nb6 10. Bb3 Be7 11. e4 Bg6 12. Be3 O-O 13. Qe1 Rc8 14. Qf2 Nbd7
15. Rfd1 Qa5 16. Nf4 Rfd8 17. h3 c5 18. e5 cxd4 19. Rxd4 Qxe5 20. Nxg6 hxg6 21.
Ne4 Nb6 22. Nxf6+ Bxf6 23. Rad1 Rxd4 24. Bxd4 Qb5 25. h4 Bxd4 26. Rxd4 Qc5 27.
Kf1 e5 28. Rd8+ Kh7 29. Qxc5 Rxc5 30. Bxf7 Rc1+ 31. Ke2 Rc2+ 32. Rd2 Rc7 33.
Bb3 Re7 34. Ke3 Nd7 35. Rd6 Nf6 36. Bc2 Kh6 37. Rd8 Kh7 38. g4 Re6 39. g5 Nh5
40. Rd7 Rb6 41. b3 Nf4 42. Be4 Ra6 43. a4 b5 44. h5 bxa4 45. bxa4 Nxh5 46. Bc2
Nf4 47. Bb3 Rc6 48. Bf7 a6 49. Rd8 Rc7 50. Bg8+ Kh8 51. Ra8 Rc1 52. Bc4+ Kh7
53. Bxa6 Nh3 54. Bb7 Nxg5 55. a5 Rc3+ 56. Ke2 Ra3 57. Bd5 Nh3 58. Bb7 Nf4+ 59.
Kd2 Kh6 60. Kc2 Ne6 61. Kb2 Ra4 62. Bc6 Rb4+ 63. Ka3 Rb1 64. Be4 Rb5 65. Ra6
1/2-1/2

[Event "119th Scottish Championship"]
[Site "Glasgow"]
[Date "2012.07.11"]
[Round "5"]
[White "O'Donnell, Conor"]
[Black "Holmes, Donald A"]
[Result "0-1"]
[WhiteElo "1939"]
[BlackElo "2271"]
[PlyCount "88"]
[EventDate "2012.07.07"]
[EventType "swiss"]
[EventRounds "9"]
[EventCountry "SCO"]
[Source "Chess Scotland"]
[SourceDate "2012.07.24"]

1. e4 c5 2. Nc3 e6 3. f4 d5 4. Nf3 dxe4 5. Nxe4 Be7 6. g3 Nc6 7. Bg2 Nh6 8. O-O
O-O 9. b3 Nf5 10. Bb2 Bd7 11. Kh1 Rc8 12. g4 Nfd4 13. g5 Nxf3 14. Rxf3 e5 15.
f5 Bxg5 16. Nxc5 Bf4 17. Bh3 Rc7 18. Qg1 Bh6 19. d3 f6 20. Ne4 b6 21. Ba3 Nd4
22. Rff1 Rf7 23. c4 Nc2 24. Bb2 Nxa1 25. Rxa1 Bc6 26. Rd1 Rcd7 27. Bg2 Rxd3 28.
Rxd3 Qxd3 29. Nc3 Bxg2+ 30. Kxg2 Qxf5 31. Qd1 Qg5+ 32. Kh1 Qd2 33. Qxd2 Bxd2
34. Nd5 e4 35. Kg2 f5 36. Kg3 f4+ 37. Kf2 f3 38. Bd4 Rd7 39. h3 Rxd5 40. cxd5
g5 41. a3 Kf7 42. Be5 h5 43. Bb8 a6 44. Bc7 b5 0-1

[Event "119th Scottish Championship"]
[Site "Glasgow"]
[Date "2012.07.11"]
[Round "5"]
[White "Swan, Iain"]
[Black "Bolt, Graham"]
[Result "1/2-1/2"]
[WhiteElo "2259"]
[BlackElo "2071"]
[PlyCount "128"]
[EventDate "2012.07.07"]
[EventType "swiss"]
[EventRounds "9"]
[EventCountry "SCO"]
[Source "Chess Scotland"]
[SourceDate "2012.07.24"]

1. e4 g6 2. d4 Bg7 3. Nc3 d6 4. Be3 a6 5. Qd2 b6 6. Nf3 Bb7 7. h3 Nd7 8. Bd3 c5
9. O-O cxd4 10. Nxd4 Ngf6 11. Bh6 O-O 12. Rae1 b5 13. Bxg7 Kxg7 14. a3 Qb6 15.
Nb3 Rac8 16. Kh2 Ne5 17. f4 Nc4 18. Bxc4 Rxc4 19. Nd5 Bxd5 20. exd5 Re8 21. f5
b4 22. axb4 Qxb4 23. fxg6 hxg6 24. Qf2 Rh8 25. Kg1 Re4 26. Rxe4 Qxe4 27. Re1
Qxd5 28. Rxe7 Rh5 29. Qd4 Qxd4+ 30. Nxd4 Nd5 31. Ra7 Nb4 32. c3 Nd3 33. b4 Rd5
34. Ne6+ Kf6 35. Nc7 Re5 36. Rxa6 Ke7 37. Ra7 Kd8 38. Na6 Re1+ 39. Kh2 Ra1 40.
b5 Rb1 41. Rxf7 Rxb5 42. Rf6 Rb6 43. Nb4 Ne5 44. Nd5 Rc6 45. Kg3 Kd7 46. Rf1
Rc5 47. Rd1 Ke6 48. Nf4+ Kf5 49. Ne2 Ke6 50. Kf2 Rc4 51. Rd4 Rc8 52. g4 g5 53.
Rd2 Ke7 54. Kg3 Rc4 55. Rd4 Rc8 56. Ra4 Rc7 57. h4 gxh4+ 58. Kxh4 Kf6 59. Ra6
Rh7+ 60. Kg3 Rd7 61. Nf4 Kg5 62. Ne6+ Kf6 63. Nc5 Rd8 64. Ne4+ Ke6 1/2-1/2

[Event "119th Scottish Championship"]
[Site "Glasgow"]
[Date "2012.07.11"]
[Round "5"]
[White "Rutherford, Elaine"]
[Black "Lindner, Daniel"]
[Result "0-1"]
[WhiteElo "2091"]
[BlackElo "2198"]
[PlyCount "78"]
[EventDate "2012.07.07"]
[EventType "swiss"]
[EventRounds "9"]
[EventCountry "SCO"]
[Source "Chess Scotland"]
[SourceDate "2012.07.24"]

1. e4 c5 2. Nc3 Nc6 3. f4 e6 4. Nf3 d5 5. Bb5 Nge7 6. Qe2 d4 7. Nd1 a6 8. Bxc6+
Nxc6 9. d3 Be7 10. O-O O-O 11. Ne5 Nb8 12. a4 b6 13. Qh5 f5 14. Rf3 Qe8 15.
Qxe8 Rxe8 16. Nc4 Nd7 17. e5 Bb7 18. Rf1 h6 19. b3 b5 20. Nd2 Nb6 21. a5 Nd5
22. Ba3 Red8 23. g3 Rac8 24. h3 g5 25. Kh2 gxf4 26. gxf4 Kh7 27. Rf2 Bh4 28.
Rf1 Rg8 29. Rg1 Rxg1 30. Kxg1 Ne3 31. Nxe3 dxe3 32. Kf1 exd2 33. Ke2 b4 34. Bb2
Be1 35. c3 Rg8 36. cxb4 Rg3 37. bxc5 Bf3+ 38. Kf1 Rxh3 39. Rxe1 Rh1+ 0-1

[Event "119th Scottish Championship"]
[Site "Glasgow"]
[Date "2012.07.11"]
[Round "5"]
[White "Klug, Christian"]
[Black "McKenna, Jason P"]
[Result "0-1"]
[WhiteElo "1894"]
[BlackElo "2115"]
[PlyCount "46"]
[EventDate "2012.07.07"]
[EventType "swiss"]
[EventRounds "9"]
[EventCountry "SCO"]
[Source "Chess Scotland"]
[SourceDate "2012.07.24"]

1. g3 g6 2. Bg2 Bg7 3. d3 d6 4. c3 c5 5. Nf3 Nc6 6. Nbd2 Nf6 7. O-O O-O 8. Re1
Rb8 9. d4 cxd4 10. cxd4 Bg4 11. h3 Bd7 12. Rb1 Qc8 13. Kh2 Nb4 14. a3 Nc2 15.
Rf1 Bf5 16. Nh4 Nxd4 17. Nxf5 Qxf5 18. e3 Nc6 19. e4 Qd7 20. Nc4 Rbc8 21. Be3
b5 22. Nd2 Ne5 23. f4 Neg4+ 0-1

[Event "119th Scottish Championship"]
[Site "Glasgow"]
[Date "2012.07.11"]
[Round "5"]
[White "Giulian, Philip M"]
[Black "Walker, Duncan"]
[Result "1-0"]
[WhiteElo "2285"]
[BlackElo "1991"]
[PlyCount "41"]
[EventDate "2012.07.07"]
[EventType "swiss"]
[EventRounds "9"]
[EventCountry "SCO"]
[Source "Chess Scotland"]
[SourceDate "2012.07.24"]

1. d4 d5 2. c4 e6 3. Nf3 f5 4. Bf4 Nf6 5. e3 b6 6. Nc3 Bb7 7. Qc2 Bd6 8. Bxd6
cxd6 9. cxd5 Nxd5 10. Bc4 Nxc3 11. Qxc3 Qe7 12. Qb3 Kf7 13. Bxe6+ Kf6 14. d5
Nd7 15. Qd3 g6 16. Qd4+ Ne5 17. Qh4+ Kg7 18. Qxe7+ Kh6 19. Nxe5 dxe5 20. Qxb7
Rhb8 21. Qe7 1-0

[Event "119th Scottish Championship"]
[Site "Glasgow"]
[Date "2012.07.11"]
[Round "5"]
[White "McClement, Andrew"]
[Black "Berry, Neil"]
[Result "1/2-1/2"]
[WhiteElo "2075"]
[BlackElo "2254"]
[PlyCount "31"]
[EventDate "2012.07.07"]
[EventType "swiss"]
[EventRounds "9"]
[EventCountry "SCO"]
[Source "Chess Scotland"]
[SourceDate "2012.07.24"]

1. Nf3 d5 2. c4 c6 3. g3 Nf6 4. b3 Bg4 5. Ne5 Bf5 6. Bg2 e6 7. Bb2 Nbd7 8. Nxd7
Qxd7 9. d3 Be7 10. Nd2 O-O 11. O-O Rfd8 12. Qc2 a5 13. a3 b5 14. cxb5 cxb5 15.
Rac1 b4 16. a4 1/2-1/2

[Event "119th Scottish Championship"]
[Site "Glasgow"]
[Date "2012.07.11"]
[Round "5"]
[White "Brunello, Roberta"]
[Black "Brown, Martin"]
[Result "0-1"]
[WhiteElo "1982"]
[BlackElo "2224"]
[PlyCount "62"]
[EventDate "2012.07.07"]
[EventType "swiss"]
[EventRounds "9"]
[EventCountry "SCO"]
[Source "Chess Scotland"]
[SourceDate "2012.07.24"]

1. e4 e6 2. d4 d5 3. e5 c5 4. c3 Nc6 5. Nf3 Qb6 6. a3 c4 7. Nbd2 Na5 8. Be2 Bd7
9. O-O Ne7 10. Rb1 h6 11. b3 cxb3 12. c4 Ba4 13. c5 Qc7 14. Bd3 b6 15. cxb6
Qxb6 16. Qe2 Nec6 17. Qe3 Rb8 18. h4 Bb5 19. Rd1 Bxd3 20. Qxd3 Qb5 21. Nf1 Nc4
22. Ne3 Bxa3 23. Nd2 Nxd2 24. Qxd2 Be7 25. h5 a5 26. Bb2 a4 27. Ra1 Na5 28. Qc3
Bb4 29. Qc1 Nc4 30. Nxc4 dxc4 31. d5 O-O 0-1

[Event "119th Scottish Championship"]
[Site "Glasgow"]
[Date "2012.07.11"]
[Round "5"]
[White "Mitchell, Martin"]
[Black "Sverrisson, Nokkvi"]
[Result "1-0"]
[WhiteElo "2217"]
[BlackElo "1973"]
[PlyCount "135"]
[EventDate "2012.07.07"]
[EventType "swiss"]
[EventRounds "9"]
[EventCountry "SCO"]
[Source "Chess Scotland"]
[SourceDate "2012.07.24"]

1. d4 Nf6 2. c4 c5 3. d5 e6 4. Nc3 exd5 5. cxd5 d6 6. e4 g6 7. Bd3 Bg7 8. Nge2
Na6 9. O-O O-O 10. Bg5 Nc7 11. f4 Qe8 12. Bxf6 Bxf6 13. e5 dxe5 14. d6 Ne6 15.
Nd5 Qd8 16. f5 Nf4 17. Nec3 Kg7 18. Nxf6 Qxf6 19. Ne4 Qxf5 20. Nxc5 Qg5 21. Be4
Bg4 22. Qe1 Bh3 23. Rf2 Be6 24. Kh1 Rac8 25. Qe3 b6 26. Nd3 Rcd8 27. Nxf4 exf4
28. Qd4+ Qf6 29. Qxf6+ Kxf6 30. Rd1 Bxa2 31. Bc6 Bb3 32. Rxf4+ Kg5 33. Rdd4 Rc8
34. h4+ Kh6 35. d7 Rxc6 36. d8=Q Rxd8 37. Rxd8 Rc2 38. Rb4 Rxb2 39. Ra8 Bd5 40.
Rxb2 Bxa8 41. Ra2 Bd5 42. Rxa7 Kh5 43. Rd7 Be6 44. Rb7 Kxh4 45. Kh2 g5 46. Rxb6
g4 47. g3+ Kg5 48. Kg1 h5 49. Rb5+ f5 50. Re5 Bc4 51. Kf2 Bd3 52. Ke3 Be4 53.
Re8 Bd5 54. Rd8 Bf7 55. Rf8 Bb3 56. Rh8 Bc2 57. Rh7 Bb3 58. Rg7+ Kf6 59. Rb7
Bd5 60. Rb5 Ke5 61. Ra5 h4 62. gxh4 f4+ 63. Ke2 Ke4 64. h5 Bc4+ 65. Kf2 g3+ 66.
Kg2 Ke3 67. h6 Be2 68. h7 1-0

[Event "119th Scottish Championship"]
[Site "Glasgow"]
[Date "2012.07.11"]
[Round "5"]
[White "Grove, Michael"]
[Black "Villwock, Martin"]
[Result "1-0"]
[WhiteElo "1955"]
[BlackElo "2176"]
[PlyCount "77"]
[EventDate "2012.07.07"]
[EventType "swiss"]
[EventRounds "9"]
[EventCountry "SCO"]
[Source "Chess Scotland"]
[SourceDate "2012.07.24"]

1. e4 e5 2. Nf3 Nc6 3. d4 exd4 4. Nxd4 Nf6 5. Nxc6 bxc6 6. e5 Qe7 7. Qe2 Nd5 8.
c4 Nb6 9. Nd2 Bb7 10. Qe3 Qe6 11. b3 a5 12. Bd3 Bb4 13. O-O O-O 14. Nf3 h6 15.
Nd4 Qg4 16. h3 Qh5 17. Qe4 Qg6 18. Nf5 Rfe8 19. Qf3 Qe6 20. Bxh6 g6 21. Ng7
Qxe5 22. Nxe8 Rxe8 23. Bf4 Qc5 24. Qg3 Re6 25. Bxc7 Nc8 26. Rad1 Ne7 27. Bd8 d6
28. Qh4 Nf5 29. Qg5 Nd4 30. Bf6 Bc3 31. Qxc5 dxc5 32. Bxd4 cxd4 33. f3 f5 34.
Rf2 Kg7 35. Re2 Re3 36. Kf1 c5 37. Rxe3 dxe3 38. Bxf5 Bd2 39. Be4 1-0

[Event "119th Scottish Championship"]
[Site "Glasgow"]
[Date "2012.07.11"]
[Round "5"]
[White "Herbold, Manfred"]
[Black "Bhopal, Raj"]
[Result "1/2-1/2"]
[WhiteElo "2143"]
[BlackElo "1808"]
[PlyCount "73"]
[EventDate "2012.07.07"]
[EventType "swiss"]
[EventRounds "9"]
[EventCountry "SCO"]
[Source "Chess Scotland"]
[SourceDate "2012.07.24"]

1. e4 d5 2. d4 dxe4 3. Nc3 Nf6 4. f3 exf3 5. Nxf3 e6 6. Bd3 Nc6 7. O-O Nxd4 8.
Nxd4 Qxd4+ 9. Kh1 Bd7 10. Bf4 Bd6 11. Nb5 Qb6 12. a4 Bxf4 13. Rxf4 Bxb5 14.
axb5 Nd5 15. Re4 O-O 16. Rh4 f5 17. Qe2 Nf6 18. h3 Rad8 19. Rha4 Ra8 20. R1a3
Nd7 21. Rh4 g6 22. b4 Qd6 23. Bc4 Ne5 24. Re3 Nxc4 25. Rxe6 Qxb4 26. Re7 Rf7
27. Rxf7 Kxf7 28. Rxc4 Qd6 29. Qd3 Qxd3 30. Rxc7+ Ke6 31. cxd3 Rb8 32. Rxh7 a5
33. bxa6 bxa6 34. Rg7 Kf6 35. Ra7 Rb6 36. Kg1 Ke5 37. Kf2 1/2-1/2

[Event "119th Scottish Championship"]
[Site "Glasgow"]
[Date "2012.07.11"]
[Round "5"]
[White "Nepveu, Manuel"]
[Black "Buchanan, Walter F"]
[Result "1/2-1/2"]
[WhiteElo "1955"]
[BlackElo "2127"]
[PlyCount "91"]
[EventDate "2012.07.07"]
[EventType "swiss"]
[EventRounds "9"]
[EventCountry "SCO"]
[Source "Chess Scotland"]
[SourceDate "2012.07.24"]

1. d4 Nf6 2. c4 e6 3. Nf3 Bb4+ 4. Nbd2 O-O 5. a3 Bxd2+ 6. Qxd2 d6 7. g3 Nbd7 8.
Bg2 Ne4 9. Qc2 f5 10. Nd2 Nxd2 11. Bxd2 e5 12. dxe5 dxe5 13. Bb4 Rf6 14. Bd5+
Kh8 15. O-O-O c6 16. Bg2 Qe8 17. e3 e4 18. Bd6 Re6 19. Rd4 Ne5 20. Rhd1 Nd3+
21. R1xd3 exd3 22. Qxd3 Qh5 23. Rh4 Qg6 24. Bc7 Re8 25. Bf3 Qf6 26. Bh5 g6 27.
Bf3 Be6 28. Rd4 Bf7 29. c5 Kg8 30. h4 Rac8 31. Bd6 Qe6 32. Ra4 a6 33. Rb4 b5
34. Rd4 a5 35. Bf4 Qb3 36. Qxb3 Bxb3 37. Bd6 Kf7 38. Kd2 Ke6 39. e4 fxe4 40.
Bg4+ Kf6 41. Bxc8 Rxc8 42. Rxe4 Be6 43. Rf4+ Kg7 44. Be5+ Kg8 45. Ke3 Rf8 46.
Bd6 1/2-1/2

[Event "119th Scottish Championship"]
[Site "Glasgow"]
[Date "2012.07.11"]
[Round "5"]
[White "Mitchell, Robert"]
[Black "Robinson, Stephen CE"]
[Result "1-0"]
[WhiteElo "2125"]
[BlackElo "1710"]
[PlyCount "41"]
[EventDate "2012.07.07"]
[EventType "swiss"]
[EventRounds "9"]
[EventCountry "SCO"]
[Source "Chess Scotland"]
[SourceDate "2012.07.24"]

1. e4 c5 2. Nc3 Nc6 3. Bb5 Nd4 4. Nf3 Nxb5 5. Nxb5 a6 6. Nc3 b5 7. d4 cxd4 8.
Qxd4 Bb7 9. Bg5 Rc8 10. O-O-O h6 11. Bh4 Rc4 12. Qd3 f5 13. exf5 Qc7 14. Bg3 e6
15. Rde1 Rxc3 16. bxc3 Kf7 17. Qe2 Bc8 18. Ne5+ Ke8 19. Qh5+ Kd8 20. Nf7+ Ke7
21. Nxh8 1-0

[Event "119th Scottish Championship"]
[Site "Glasgow"]
[Date "2012.07.11"]
[Round "5"]
[White "McGowan, Daniel"]
[Black "O'Molloy, Eamonn"]
[Result "1-0"]
[WhiteElo "2101"]
[BlackElo "1904"]
[PlyCount "59"]
[EventDate "2012.07.07"]
[EventType "swiss"]
[EventRounds "9"]
[EventCountry "SCO"]
[Source "Chess Scotland"]
[SourceDate "2012.07.24"]

1. d4 d5 2. Nf3 Nf6 3. e3 g6 4. Be2 Bg7 5. O-O O-O 6. b3 c5 7. Bb2 cxd4 8. Nxd4
Nc6 9. Nd2 Nxd4 10. Bxd4 Bd7 11. Qc1 Re8 12. Nf3 Bg4 13. h3 Bxf3 14. Bxf3 e5
15. Bb2 Qb6 16. Rd1 Rad8 17. c4 d4 18. exd4 exd4 19. c5 Qb4 20. a3 Qxb3 21.
Bxd4 Qa4 22. Qb2 Rxd4 23. Rxd4 Nd7 24. Rxa4 Bxb2 25. Rb1 Nxc5 26. Rxa7 Bd4 27.
Rd1 Nd3 28. Ra4 Bxf2+ 29. Kf1 Bg3 30. Rg4 1-0

[Event "119th Scottish Championship"]
[Site "Glasgow"]
[Date "2012.07.11"]
[Round "5"]
[White "Giulian, Rosemary A"]
[Black "Noordhoek, Henk"]
[Result "0-1"]
[WhiteElo "1918"]
[BlackElo "2095"]
[PlyCount "52"]
[EventDate "2012.07.07"]
[EventType "swiss"]
[EventRounds "9"]
[EventCountry "SCO"]
[Source "Chess Scotland"]
[SourceDate "2012.07.24"]

1. e4 Nf6 2. e5 Nd5 3. d4 d6 4. Nf3 g6 5. c4 Nb6 6. Nc3 Bg7 7. Be3 O-O 8. Qb3
c6 9. exd6 exd6 10. d5 Re8 11. O-O-O c5 12. Bd3 Bg4 13. Be2 N8d7 14. h3 Bxf3
15. Bxf3 Qh4 16. Nb5 Nxc4 17. g3 Qf6 18. Nc7 Rxe3 19. fxe3 Rc8 20. Nb5 Nxb2 21.
Rdf1 c4 22. Qc2 Nd3+ 23. Kd2 N7c5 24. Bg4 Ne4+ 25. Kd1 Qa1+ 26. Ke2 Nxg3+ 0-1

[Event "119th Scottish Championship"]
[Site "Glasgow"]
[Date "2012.07.11"]
[Round "5"]
[White "Hilton, Stephen H"]
[Black "McKerracher, Douglas"]
[Result "1-0"]
[WhiteElo "1918"]
[BlackElo "2030"]
[PlyCount "83"]
[EventDate "2012.07.07"]
[EventType "swiss"]
[EventRounds "9"]
[EventCountry "SCO"]
[Source "Chess Scotland"]
[SourceDate "2012.07.24"]

1. d4 f5 2. c4 Nf6 3. Nc3 e6 4. Nf3 d5 5. Bf4 c6 6. e3 Be7 7. Bd3 O-O 8. Qc2
Ne4 9. g4 Na6 10. a3 Nc7 11. gxf5 exf5 12. Bxc7 Qxc7 13. cxd5 cxd5 14. Nxd5
Qxc2 15. Nxe7+ Kf7 16. Ne5+ Kxe7 17. Bxc2 Be6 18. Rc1 Rac8 19. Ke2 Nf6 20. Bd3
g6 21. Rhg1 Bd5 22. f3 Kd6 23. Bc4 Bxc4+ 24. Rxc4 Rxc4 25. Nxc4+ Kd5 26. Kd3
Ke6 27. e4 fxe4+ 28. fxe4 Nh5 29. Ke3 Rc8 30. d5+ Kd7 31. Kd4 Nf4 32. Re1 b5
33. Ne3 a6 34. e5 Ke7 35. Ke4 Nh5 36. Rf1 Rc5 37. Rd1 Rc8 38. d6+ Ke6 39. d7
Rd8 40. Rd6+ Kf7 41. Nd5 Kg7 42. Nb6 1-0

[Event "119th Scottish Championship"]
[Site "Glasgow"]
[Date "2012.07.11"]
[Round "5"]
[White "Bea, Boglarka"]
[Black "Ridge, Michael"]
[Result "1-0"]
[WhiteElo "2178"]
[BlackElo "1927"]
[PlyCount "93"]
[EventDate "2012.07.07"]
[EventType "swiss"]
[EventRounds "9"]
[EventCountry "SCO"]
[Source "Chess Scotland"]
[SourceDate "2012.07.24"]

1. e4 c5 2. Nf3 d6 3. d4 Nf6 4. Nc3 cxd4 5. Nxd4 a6 6. Qe2 Nc6 7. Nf5 e6 8. Ng3
Qb6 9. Rb1 Bd7 10. Be3 Qa5 11. Bd2 O-O-O 12. a3 Qc7 13. Qd1 Be7 14. b4 Nd4 15.
Bd3 d5 16. O-O h5 17. exd5 h4 18. Nge4 Nxe4 19. Nxe4 exd5 20. Nc3 Be6 21. Na4
Bd6 22. h3 g5 23. Be3 Be5 24. f3 Nc6 25. Bb6 Qe7 26. Bxd8 Kxd8 27. c4 Qf6 28.
Qd2 Nd4 29. f4 Bxf4 30. Qf2 Qg7 31. Rbd1 Bg3 32. Qe3 Bf4 33. Rxf4 gxf4 34. Qxf4
Bxh3 35. Qd6+ Bd7 36. Nb6 Qg4 37. Qf6+ Kc7 38. Nxd5+ Kb8 39. Qxh8+ Ka7 40. Rf1
Ne6 41. Ne3 Qg3 42. Rf3 Qe1+ 43. Nf1 Bc6 44. Re3 Qc1 45. Qxh4 Qb2 46. Qf2 Qg7
47. Rxe6+ 1-0

[Event "119th Scottish Championship"]
[Site "Glasgow"]
[Date "2012.07.11"]
[Round "5"]
[White "Schmerwitz, Reinhard"]
[Black "Borwell, Alan P"]
[Result "1/2-1/2"]
[WhiteElo "1874"]
[BlackElo "2078"]
[PlyCount "40"]
[EventDate "2012.07.07"]
[EventType "swiss"]
[EventRounds "9"]
[EventCountry "SCO"]
[Source "Chess Scotland"]
[SourceDate "2012.07.24"]

1. e4 c5 2. Nf3 a6 3. d4 cxd4 4. Nxd4 Nf6 5. Nc3 e5 6. Nf5 d5 7. Ng3 d4 8. Nb1
Qc7 9. Be2 h6 10. O-O Bd6 11. c3 Nc6 12. cxd4 Nxd4 13. Bd3 O-O 14. Nc3 Be6 15.
h3 Rfd8 16. Be3 Bb4 17. Rc1 Qa5 18. a3 Bxc3 19. Rxc3 Rac8 20. b4 Qb6 1/2-1/2

[Event "119th Scottish Championship"]
[Site "Glasgow"]
[Date "2012.07.11"]
[Round "5"]
[White "James, Chris"]
[Black "Dawson, Alastair"]
[Result "0-1"]
[WhiteElo "2028"]
[BlackElo "1891"]
[PlyCount "96"]
[EventDate "2012.07.07"]
[EventType "swiss"]
[EventRounds "9"]
[EventCountry "SCO"]
[Source "Chess Scotland"]
[SourceDate "2012.07.24"]

1. e4 e6 2. d4 d5 3. Nd2 dxe4 4. Nxe4 Bd7 5. Nf3 Bc6 6. Bd3 Nd7 7. O-O Ngf6 8.
Ng3 Be7 9. c4 O-O 10. Bf4 Bxf3 11. Qxf3 c6 12. Rad1 Re8 13. Rfe1 Qa5 14. Be5
Nf8 15. h4 Rad8 16. h5 h6 17. a3 Rd7 18. b4 Qd8 19. Ne2 N8h7 20. g4 Bd6 21.
Bxd6 Rxd6 22. Qg3 a6 23. f4 Kh8 24. Kh1 b5 25. Rg1 bxc4 26. Bxc4 Ne4 27. Qh2 f5
28. Bd3 Nhf6 29. Bxe4 Nxe4 30. g5 hxg5 31. fxg5 Rd7 32. h6 gxh6 33. Qe5+ Kh7
34. Rg2 Nxg5 35. Rd3 Rg8 36. Rdg3 Qe8 37. Nf4 Rdg7 38. Rh2 Qf7 39. Nh5 Rg6 40.
Nf4 Nf3 41. Rxg6 Rxg6 42. Nxg6 Nxe5 43. Nxe5 Qb7 44. Kg1 Qb6 45. Rh4 a5 46. Kh2
axb4 47. d5 bxa3 48. dxe6 Qb2+ 0-1

[Event "119th Scottish Championship"]
[Site "Glasgow"]
[Date "2012.07.11"]
[Round "5"]
[White "McGeoch, Kenny R"]
[Black "Isherwood, Paul"]
[Result "0-1"]
[WhiteElo "1846"]
[BlackElo "2024"]
[PlyCount "138"]
[EventDate "2012.07.07"]
[EventType "swiss"]
[EventRounds "9"]
[EventCountry "SCO"]
[Source "Chess Scotland"]
[SourceDate "2012.07.24"]

1. c4 Nf6 2. g3 e5 3. Bg2 d6 4. Nc3 c6 5. e4 Nbd7 6. Nge2 Be7 7. d3 O-O 8. O-O
a6 9. a4 a5 10. h3 Re8 11. Be3 Bf8 12. d4 exd4 13. Nxd4 g6 14. Qc2 Nc5 15. Rad1
Qe7 16. Rfe1 Bg7 17. Bf4 Nfd7 18. Ndb5 cxb5 19. Bxd6 Qg5 20. Nxb5 Ne6 21. Rd5
Qf6 22. f4 Ra6 23. g4 Rd8 24. g5 Qxb2 25. Qxb2 Bxb2 26. f5 Nef8 27. Be7 Re8 28.
f6 Be5 29. Rxe5 Nxe5 30. Nc7 Bd7 31. Rd1 Ne6 32. Nxa6 bxa6 33. Rd5 Rc8 34. Rxe5
Rxc4 35. Rxa5 Rxa4 36. Rd5 Rd4 37. h4 Bc6 38. Rxd4 Nxd4 39. Bc5 Nb3 40. Ba3 Nd2
41. e5 Bxg2 42. Kxg2 Nc4 43. Bc5 Nxe5 44. Kf1 Nf3 45. Bf2 Kf8 46. Ke2 Ne5 47.
Kd2 Ke8 48. Kc3 Kd7 49. Kd4 Ke6 50. Bg3 Nd7 51. Bf2 Nf8 52. Bg3 Kd7 53. Kd5 Ne6
54. Bf2 a5 55. Bb6 a4 56. Kc4 Kc6 57. Be3 Nc7 58. Bf2 Nb5 59. Kb4 a3 60. Kb3
Kd5 61. Be3 Ke4 62. Bc5 Kf3 63. Bb4 Kg4 64. Be1 Nd4+ 65. Kc4 Nf3 66. Bc3 Kf5
67. Kd5 Nxh4 68. Kd6 Nf3 69. Ke7 Nxg5 0-1